Bankové zúčtovacie centrum Slovenska, a.s. a jeho postavenie v platobnom systéme Slovenska
Kľúčová úloha Bankového zúčtovacieho centra Slovenska, a.s. (BZCS, a.s.) v platobnom systéme Slovenska. Základné činnosti BZCS, a.s.: a/ zúčtovanie medzibankových platieb, b/ informačná podpora bánk. Vykonávanie platobných transakcií. Medzibankový komunikačný systém.
Enregistré dans:
| Auteur principal: | |
|---|---|
| Format: | Chapitre de livre |
| Langue: | slovaque |
| Sujets: | |
| Tags: |
Pas de tags, Soyez le premier à ajouter un tag!
|
MARC
| LEADER | 00000naa a2200000 4500 | ||
|---|---|---|---|
| 001 | r026803 | ||
| 005 | 20230606081550.1 | ||
| 041 | 0 | |a slo | |
| 044 | |a SK | ||
| 245 | 1 | 0 | |a Bankové zúčtovacie centrum Slovenska, a.s. a jeho postavenie v platobnom systéme Slovenska |c R. Požgay |
| 520 | |a Kľúčová úloha Bankového zúčtovacieho centra Slovenska, a.s. (BZCS, a.s.) v platobnom systéme Slovenska. Základné činnosti BZCS, a.s.: a/ zúčtovanie medzibankových platieb, b/ informačná podpora bánk. Vykonávanie platobných transakcií. Medzibankový komunikačný systém. | ||
| 610 | 2 | 0 | |a styk platobný |
| 610 | 2 | 0 | |a banky |
| 610 | 2 | 0 | |a styk zúčtovací medzinárodný |
| 610 | 2 | 0 | |a styk platobný bezhotovostný |
| 610 | 2 | 0 | |a zúčtovanie oficiálne štátne |
| 610 | 2 | 0 | |a klíring |
| 610 | 2 | 0 | |a operácie bankové |
| 610 | 2 | 0 | |a systémy informačné |
| 610 | 2 | 0 | |a komunikácia |
| 100 | 1 | |a Požgay, R. | |